Citric acid induced cadmium stress tolerance in chili (Capsicum annnum L.)/ (Record no. 15849)

MARC details
000 -LEADER
fixed length control field 01165nam a22002897a 4500
003 - CONTROL NUMBER IDENTIFIER
control field BD-DhSAU
005 - DATE AND TIME OF LATEST TRANSACTION
control field 20220526154458.0
008 - FIXED-LENGTH DATA ELEMENTS--GENERAL INFORMATION
fixed length control field 150612b2020 bg aod||r|||| 001 0 eng d
040 ## - CATALOGING SOURCE
Original cataloging agency BD-DhSAU
082 ## - DEWEY DECIMAL CLASSIFICATION NUMBER
Edition number 22
Classification number 634.9
Item number M473
100 ## - MAIN ENTRY--PERSONAL NAME
Personal name Mehjabin, Suranjana
Relator code Reg. No#14-06146
245 ## - TITLE STATEMENT
Title Citric acid induced cadmium stress tolerance in chili (Capsicum annnum L.)/
Remainder of title Ms Thesis
Statement of responsibility, etc. Suranjana Mehjabin
260 ## - PUBLICATION, DISTRIBUTION, ETC. (IMPRINT)
Place of publication, distribution, etc. Sher-e- Bangla Agricultural University :
Name of publisher, distributor, etc. Department of Agroforestry and Environmental Science,
Date of publication, distribution, etc. 2020
300 ## - PHYSICAL DESCRIPTION
Extent xi, 71 p. :
Other physical details ill. , charts ;
Dimensions 30 cm.
500 ## - GENERAL NOTE
General note MS Thesis ,Department of Agroforestry and Environmental Science<br/>Sher-E-Bangla Agricultural University<br/>Dhaka-1207<br/>
504 ## - BIBLIOGRAPHY, ETC. NOTE
Bibliography, etc Includes Bibliographical references.
590 ## - Name of Cataloguer
Name of Cataloger Roy
650 ## - SUBJECT ADDED ENTRY--TOPICAL TERM
Topical term or geographic name as entry element Agroforestry And Environmental Science
650 ## - SUBJECT ADDED ENTRY--TOPICAL TERM
Topical term or geographic name as entry element Citric acid
650 ## - SUBJECT ADDED ENTRY--TOPICAL TERM
Topical term or geographic name as entry element Cadmium stress
650 ## - SUBJECT ADDED ENTRY--TOPICAL TERM
Topical term or geographic name as entry element Chili
650 ## - SUBJECT ADDED ENTRY--TOPICAL TERM
Topical term or geographic name as entry element Capsicum annnum L.
700 ## - ADDED ENTRY--PERSONAL NAME
Personal name Jubayer- Al-Mahmud
Relator term Supervisor
700 ## - ADDED ENTRY--PERSONAL NAME
Personal name Hossain, Md. Kausar
Relator term Co-Supervisor
856 ## - ELECTRONIC LOCATION AND ACCESS
Uniform Resource Identifier <a href="http://archive.saulibrary.edu.bd:8080/xmlui/handle/123456789/3740">http://archive.saulibrary.edu.bd:8080/xmlui/handle/123456789/3740</a>
Link text Online Access
942 ## - ADDED ENTRY ELEMENTS (KOHA)
Source of classification or shelving scheme Dewey Decimal Classification
Koha item type MS Level Thesis
Holdings
Withdrawn status Lost status Source of classification or shelving scheme Damaged status Not for loan Collection code Home library Branch Name Shelving location Date acquired Total Checkouts Full call number Barcode Date last seen Price effective from Koha item type
    Dewey Decimal Classification   Not For Loan Reference SAU Library SAU Library Reference 26/05/2022   634.9 M473 43306 26/05/2022 26/05/2022 MS Level Thesis